[Event "Brody Bryvka Memorial"]
[Site "Brody"]
[Date "2023.12.17"]
[Round "8"]
[White "Makhnivchyk, Andriy"]
[Black "Moisiiuk, Andrii"]
[Result "0-1"]
[WhiteElo "1673"]
[BlackElo "1958"]
[PlyCount "64"]
[EventDate "2023.12.17"]
[EventType "swiss"]
[EventRounds "9"]
[EventCountry "UKR"]
[SourceTitle "CB51_2023"]
[SourceDate "2023.12.20"]
[SourceVersion "1"]
[SourceVersionDate "2023.12.20"]
[SourceQuality "1"]

1. e4 c5 2. Nf3 e6 3. d4 cxd4 4. Nxd4 Nf6 5. f3 Nc6 6. Bc4 a6 7. Be3 Qc7 8. Bb3 Bd6 9. g3 h5 10. Qd2 h4 11. g4 Nxd4 12. Bxd4 b5 13. c3 Bb7 14. Qf2 Rc8 15. Nd2 Bf4 16. 0-0-0 b4 17. c4 d5 18. exd5 Bxd5 19. Be3 Bb7 20. Kb1 h3 21. Ba4+ Kf8 22. Bb6 Qb8 23. Bc5+ Kg8 24. Be3 g5 25. b3 Kg7 26. Bxf4 Qxf4 27. Qe2 Rcd8 28. Rhe1 Rd4 29. Kc2 Rhd8 30. Ne4 Nxe4 31. Rxd4 Rxd4 32. fxe4 Bxe4+ 0-1

[Event "Chernonograd Katsan Memorial 2nd"]
[Site "Chernonograd"]
[Date "2023.01.22"]
[Round "4"]
[White "Makhnivchyk, Andriy"]
[Black "Kozak, Dmytro"]
[Result "0-1"]
[WhiteElo "1673"]
[BlackElo "1861"]
[PlyCount "166"]
[EventDate "2023.01.22"]
[EventType "swiss"]
[EventRounds "9"]
[EventCountry "UKR"]
[SourceTitle "CBM 212 Extra"]
[Source "ChessBase"]
[SourceDate "2023.03.31"]
[SourceVersion "1"]
[SourceVersionDate "2023.03.31"]
[SourceQuality "1"]

1. e4 e5 2. Nf3 Nc6 3. d4 exd4 4. Nxd4 Nxd4 5. Qxd4 Qf6 6. Be3 Be7 7. Nc3 Qxd4 8. Bxd4 Nf6 9. 0-0-0 d6 10. f3 a6 11. g4 0-0 12. h4 b5 13. h5 c5 14. Be3 b4 15. Nd5 Nxd5 16. Rxd5 Be6 17. Rd2 a5 18. Kb1 a4 19. g5 b3 20. cxb3 axb3 21. a3 Rfd8 22. f4 f5 23. gxf6 Bxf6 24. f5 Bf7 25. h6 g6 26. fxg6 Bxg6 27. Bc4+ Kf8 28. Rf1 Bxe4+ 29. Kc1 Ke7 30. Bd5 Bxd5 31. Rxd5 Rg8 32. Re1 Kd7 33. Bf4 Ra6 34. Rf5 Rg6 35. Rd1 c4 36. Rc5 Rg2 37. Rxc4 Bxb2+ 38. Kb1 Bxa3 39. Rcd4 Rb2+ 40. Ka1 Ra2+ 41. Kb1 Bc5 42. R4d2 R2a4 43. Be5 Rh4 44. Bg7 Rh3 45. Rd3 Rxd3 46. Rxd3 Rb6 47. Kb2 Kc6 48. Rxb3 Kd5 49. Rxb6 Bxb6 50. Kc3 Ke4 51. Kd2 Bd4 52. Bf8 d5 53. Ke2 Be5 54. Kd1 Kd3 55. Bc5 Bf4 56. Bf8 Ke4 57. Bg7 Kf5 58. Ke2 Kg6 59. Kd3 Bxh6 60. Be5 Bg7 61. Bg3 Kf5 62. Ke3 Kg4 63. Kf2 Bd4+ 64. Kg2 h5 65. Bd6 Be3 66. Be5 h4 67. Bg7 h3+ 68. Kh2 Bf4+ 69. Kh1 Kf3 70. Bc3 Ke4 71. Bb2 Be5 72. Bc1 d4 73. Bd2 Kf3 74. Bb4 d3 75. Bd2 Ke2 76. Bb4 Bf4 77. Bc3 Bd2 78. Be5 Be3 79. Bc3 Bd4 80. Bb4 Kd1 81. Kh2 Kc2 82. Be1 Bc3 83. Bf2 d2 0-1

[Event "Chervonograd Cup 11th"]
[Site "Chervonograd"]
[Date "2015.11.22"]
[Round "9"]
[White "Makhnivchyk, Andriy"]
[Black "Bilsky, Volodymyr"]
[Result "1-0"]
[WhiteElo "1696"]
[BlackElo "1917"]
[PlyCount "132"]
[EventDate "2015.11.19"]
[EventType "swiss"]
[EventRounds "9"]
[EventCountry "UKR"]
[SourceTitle "CBM 169 Extra"]
[Source "ChessBase"]
[SourceDate "2015.12.18"]
[SourceVersion "1"]
[SourceVersionDate "2015.12.18"]
[SourceQuality "1"]

1. e4 c5 2. Nf3 d6 3. d4 cxd4 4. Nxd4 Nf6 5. Nc3 a6 6. f3 e5 7. Nf5 Bxf5 8. exf5 Nc6 9. Be3 Be7 10. Qd2 d5 11. Bf2 d4 12. Ne4 Nxe4 13. fxe4 Rc8 14. a3 h6 15. h4 Qb6 16. b3 Qc7 17. Bd3 b5 18. g4 Qb7 19. Ke2 Nb8 20. Bg3 f6 21. Be1 Nd7 22. b4 Nb6 23. Kf3 Qc6 24. Qc1 Na4 25. Bd2 Kd7 26. Qb1 Nb6 27. Qg1 Nc4 28. Bc1 Nd6 29. h5 Qc3 30. Rb1 Qc6 31. Bd2 Rc7 32. Rb3 Qb7 33. Qb1 Rhc8 34. Qa2 Nc4 35. Bc1 Qc6 36. Rb1 Rf8 37. Qb3 Rfc8 38. Qa2 Ke8 39. Re1 Kf8 40. Qb3 Nb6 41. Bd2 Na4 42. Ra1 Qe8 43. Rh1 Qf7 44. Qb1 Qe8 45. Qc1 Qf7 46. Bxh6 gxh6 47. Qxh6+ Qg7 48. Qg6 Bd8 49. h6 Qh7 50. g5 Qh8 51. h7 fxg5 52. Qh6+ Ke8 53. Qg6+ Kf8 54. Qh6+ Ke8 55. Qg6+ Kf8 56. Qxa6 Nc3 57. Qh6+ Rg7 58. Kg4 Rcc7 59. f6 Bxf6 60. Qxf6+ Ke8 61. Qxe5+ Kd8 62. Rh6 Kc8 63. Rf1 Kb7 64. Rf8 Qxf8 65. h8Q Qf2 66. Qg3 Qe1 1-0

[Event "Chervonograd Cup 11th"]
[Site "Chervonograd"]
[Date "2015.11.20"]
[Round "5"]
[White "Salabun, Vladislav"]
[Black "Makhnivchyk, Andriy"]
[Result "1-0"]
[WhiteElo "2053"]
[BlackElo "1696"]
[PlyCount "91"]
[EventDate "2015.11.19"]
[EventType "swiss"]
[EventRounds "9"]
[EventCountry "UKR"]
[SourceTitle "CBM 169 Extra"]
[Source "ChessBase"]
[SourceDate "2015.12.18"]
[SourceVersion "1"]
[SourceVersionDate "2015.12.18"]
[SourceQuality "1"]

1. d4 f5 2. e4 fxe4 3. Nc3 Nf6 4. Bg5 g6 5. Bxf6 exf6 6. Nxe4 d5 7. Ng3 Qe7+ 8. Qe2 Qxe2+ 9. Bxe2 Bh6 10. h4 0-0 11. h5 g5 12. Nf1 Nc6 13. c3 Ne7 14. g4 f5 15. f3 f4 16. Nh3 Bd7 17. Nf2 Rae8 18. Kd2 a6 19. a4 Nc6 20. b4 a5 21. b5 Nd8 22. Nh2 b6 23. Rhe1 Bg7 24. Nf1 h6 25. Bd1 Rxe1 26. Kxe1 Re8+ 27. Kd2 Be6 28. Bb3 Bf7 29. Nd3 Nb7 30. Re1 Rxe1 31. Nxe1 Kf8 32. Kd3 Nd6 33. Nd2 Ke7 34. c4 dxc4+ 35. Nxc4 Bxc4+ 36. Bxc4 Ne8 37. Bb3 Nd6 38. Nc2 Bf6 39. Na3 Bg7 40. Nb1 Kd7 41. Nc3 c6 42. bxc6+ Kxc6 43. Ne4 Nb7 44. Bc4 Nd8 45. Nc3 Kc7 46. Ke4 1-0

[Event "Chervonograd Cup 11th"]
[Site "Chervonograd"]
[Date "2015.11.19"]
[Round "1"]
[White "Makhnivchyk, Andriy"]
[Black "Kyrychenko, Mykola"]
[Result "0-1"]
[WhiteElo "1696"]
[BlackElo "2036"]
[PlyCount "104"]
[EventDate "2015.11.19"]
[EventType "swiss"]
[EventRounds "9"]
[EventCountry "UKR"]
[SourceTitle "CBM 169 Extra"]
[Source "ChessBase"]
[SourceDate "2015.12.18"]
[SourceVersion "1"]
[SourceVersionDate "2015.12.18"]
[SourceQuality "1"]

1. e4 c5 2. Nf3 d6 3. d4 cxd4 4. Nxd4 Nf6 5. Nc3 g6 6. f3 Bg7 7. Be3 0-0 8. Qd2 Nc6 9. 0-0-0 d5 10. Nxc6 bxc6 11. e5 Nd7 12. f4 Nb6 13. Be2 Qc7 14. g4 f6 15. exf6 Bxf6 16. g5 Bg7 17. h4 Rb8 18. h5 Nc4 19. Bxc4 dxc4 20. hxg6 hxg6 21. Qh2 Bg4 22. Rdf1 Bh5 23. f5 Qb7 24. b3 Bxc3 25. fxg6 Rxf1+ 26. Rxf1 cxb3 27. cxb3 Qb5 28. Rf5 Qxf5 29. Qxb8+ Kg7 30. Qxa7 Qe4 31. Qc5 Ba1 32. Kd2 Bxg6 33. Ke2 Qg2+ 34. Bf2 Bh5+ 35. Ke1 Qe4+ 36. Be3 Qb1+ 37. Bc1 Bb2 38. Kd2 Bxc1+ 39. Qxc1 Qxa2+ 40. Kc3 Qa5+ 41. Kb2 Qe5+ 42. Ka3 c5 43. b4 cxb4+ 44. Kxb4 Kg6 45. Qd2 Qxg5 46. Qd3+ Kg7 47. Qd4+ e5 48. Qd7+ Bf7 49. Kc3 Qc1+ 50. Kb4 Qb2+ 51. Kc5 Qc3+ 52. Kb6 Qd4+ 0-1